Pedestrian European Signs - Geoguessr - Statistics

General Stats
  • This quiz has been taken 82 times
  • The average score is 11 of 31
Answer Stats
Picture Answer % Correct
Iceland
68%
Spain
65%
Poland
56%
Lithuania
50%
Russia
47%
Ukraine
47%
Belgium
44%
Estonia
44%
Sweden
44%
Switzerland
41%
Denmark
38%
Greece
38%
Norway
38%
Sweden
35%
Austria
32%
Germany
32%
Hungary
32%
Latvia
32%
Netherlands
29%
Portugal
29%
Romania
29%
Italy
26%
Bulgaria
24%
Czechia
24%
Finland
24%
Luxembourg
24%
Slovenia
21%
Serbia
18%
Ireland
15%
Moldova
15%
Bosnia
12%
No matching quizzes found
Score Distribution
Percent of People with Each Score
Percentile by Number Answered
Your Score History
You have not taken this quiz